| 000 | 00516nam a22001931a 4500 | ||
|---|---|---|---|
| 001 | 7372 | ||
| 003 | OSt | ||
| 005 | 20260204212128.0 | ||
| 008 | 071023s2000||||ag ||||||b||||||||||spa|| | ||
| 020 | _a9501261301 | ||
| 050 | _a371.102 | ||
| 245 | _aRecorridos didácticos en la esducación inicial / Ana Malajovich (Compiladora) | ||
| 264 | _aArgentina : Paidós | ||
| 300 | _a327 p | ||
| 500 | _aIncluye bibiografía | ||
| 650 | _aDidáctica - Educación Inicial | ||
| 700 | _aMalajovich, AnaÌ | ||
| 942 |
_2ddc _cBK |
||
| 999 |
_c7372 _d7372 |
||